[Event "CZE-chT2A 2223"]
[Site "Czech Republic"]
[Date "2022.12.18"]
[Round "5.5"]
[White "Simek, Petr"]
[Black "Necada, Martin"]
[Result "1-0"]
[WhiteElo "2228"]
[BlackElo "2115"]
[PlyCount "89"]
[EventDate "2022.10.16"]
[EventType "team-tourn"]
[EventRounds "11"]
[EventCountry "CZE"]
[SourceTitle "EXT 2024"]
[Source "ChessBase"]
[SourceDate "2023.10.10"]
[SourceVersion "1"]
[SourceVersionDate "2023.10.10"]
[SourceQuality "1"]
[WhiteTeam "Budejovice"]
[BlackTeam "Praha Dukla"]
[WhiteTeamCountry "CZE"]
[BlackTeamCountry "CZE"]

1. e4 d6 2. d4 Nf6 3. Bd3 g6 4. c3 Bg7 5. f4 0-0 6. Nf3 c5 7. 0-0 Bg4 8. Be3 cxd4 9. cxd4 Nc6 10. Nc3 e5 11. fxe5 dxe5 12. d5 Nd4 13. Ne2 Nh5 14. Nexd4 exd4 15. Bd2 Qd6 16. Qb3 a5 17. Rae1 Bxf3 18. Rxf3 Be5 19. g3 a4 20. Qb5 Rfe8 21. Qxb7 f6 22. Bb4 Rab8 23. Bxd6 Rxb7 24. Ba3 Ng7 25. Rc1 Rd8 26. Rc4 Ra8 27. Rf2 Ne8 28. Rc6 Kg7 29. Rfc2 Rd7 30. Re6 Nd6 31. Rc6 Nf7 32. Ra6 Rxa6 33. Rxa6 Nd6 34. Rxa4 Rc7 35. Ra6 Rc1+ 36. Kf2 Nf7 37. Ra7 Rd1 38. Be2 Rh1 39. Kg2 Re1 40. Bc4 Rc1 41. b3 Rc2+ 42. Kf3 Rc3+ 43. Ke2 Rc2+ 44. Kd3 Rxh2 45. d6 1-0

[Event "CZE-chT2A 1617"]
[Site "Czech Republic"]
[Date "2017.01.29"]
[Round "7.4"]
[White "Necada, Martin"]
[Black "Vasicek, Martin"]
[Result "1/2-1/2"]
[WhiteElo "2107"]
[BlackElo "2098"]
[PlyCount "27"]
[EventDate "2016.10.09"]
[EventType "team-tourn"]
[EventRounds "11"]
[EventCountry "CZE"]
[SourceTitle "EXT 2022"]
[Source "ChessBase"]
[SourceDate "2021.10.06"]
[SourceVersion "1"]
[SourceVersionDate "2021.10.06"]
[SourceQuality "1"]
[WhiteTeam "Praha Dukla"]
[BlackTeam "Domazlice"]
[WhiteTeamCountry "CZE"]
[BlackTeamCountry "CZE"]

1. d4 Nf6 2. c4 e6 3. Nc3 d5 4. cxd5 exd5 5. Nf3 Be7 6. Bg5 0-0 7. e3 c6 8. Qc2 Nbd7 9. Bd3 Re8 10. 0-0 Nf8 11. h3 Ne4 12. Bf4 Ng5 13. Nxg5 Bxg5 14. Bh2 1/2-1/2

[Event "CZE-chT2C 1314"]
[Site "Czech Republic"]
[Date "2014.02.16"]
[Round "8.6"]
[White "Necada, Martin"]
[Black "Ruzicka, Ales"]
[Result "1/2-1/2"]
[WhiteElo "2121"]
[BlackElo "2032"]
[PlyCount "95"]
[EventDate "2013.11.03"]
[EventType "team-tourn"]
[EventRounds "11"]
[EventCountry "CZE"]
[SourceTitle "EXT 2015"]
[Source "ChessBase"]
[SourceDate "2014.11.20"]
[SourceVersion "1"]
[SourceVersionDate "2014.11.20"]
[SourceQuality "1"]
[WhiteTeam "Praha Dukla"]
[BlackTeam "Tabor"]
[WhiteTeamCountry "CZE"]
[BlackTeamCountry "CZE"]

1. d4 Nf6 2. Nf3 g6 3. c4 Bg7 4. Nc3 0-0 5. Bg5 d6 6. e3 Na6 7. Be2 c5 8. 0-0 h6 9. Bh4 Nc7 10. Qc2 Bg4 11. Rad1 Qc8 12. Ne1 Bxe2 13. Qxe2 Re8 14. d5 Rb8 15. e4 a6 16. f4 b5 17. e5 Nd7 18. Nf3 bxc4 19. Rfe1 Nb6 20. Bg3 f5 21. exf6 exf6 22. Qc2 f5 23. Nh4 Kf7 24. Bf2 h5 25. Nf3 Qd7 26. Ng5+ Kg8 27. h3 Bf6 28. a4 Bxg5 29. fxg5 a5 30. Bg3 Kh7 31. Nb5 Nxb5 32. axb5 Rbd8 33. Qc3 Qxb5 34. Qf6 Qd7 35. Re6 Qg7 36. Rde1 Qxf6 37. gxf6 Rf8 38. Bxd6 Nxd5 39. Bxf8 Rxf8 40. Rc6 Nxf6 41. Rxc5 Rb8 42. Re2 Ne4 43. Rxc4 h4 44. Rec2 Rd8 45. Rc1 Rb8 46. R1c2 Rd8 47. Rc1 Rb8 48. R1c2 1/2-1/2

[Event "CZE-chT2B 1213"]
[Site "Czech Republic"]
[Date "2013.03.24"]
[Round "11.5"]
[White "Necada, Martin"]
[Black "Jarrah, Kamal"]
[Result "1/2-1/2"]
[WhiteElo "2137"]
[BlackElo "2053"]
[PlyCount "35"]
[EventDate "2012.10.14"]
[EventType "team-tourn"]
[EventRounds "11"]
[EventCountry "CZE"]
[SourceTitle "EXT 2015"]
[Source "ChessBase"]
[SourceDate "2014.11.20"]
[SourceVersion "1"]
[SourceVersionDate "2014.11.20"]
[SourceQuality "1"]
[WhiteTeam "Praha Dukla"]
[BlackTeam "Kralupy nad Vltavou"]
[WhiteTeamCountry "CZE"]
[BlackTeamCountry "CZE"]

1. d4 d5 2. Nf3 Nf6 3. c4 dxc4 4. e3 e6 5. Bxc4 a6 6. a4 c5 7. 0-0 Nc6 8. dxc5 Qxd1 9. Rxd1 Bxc5 10. Nbd2 Bd7 11. Nb3 Be7 12. Nbd4 0-0 13. b3 Rac8 14. Bb2 Rfd8 15. Nxc6 Bxc6 16. Ne5 Bd5 17. Bxd5 Rxd5 18. Rxd5 1/2-1/2

[Event "CZE-chT2B 1213"]
[Site "Czech Republic"]
[Date "2013.03.03"]
[Round "10.6"]
[White "Necada, Martin"]
[Black "Kansky, Pavel"]
[Result "1/2-1/2"]
[WhiteElo "2137"]
[BlackElo "2080"]
[PlyCount "53"]
[EventDate "2012.10.14"]
[EventType "team-tourn"]
[EventRounds "11"]
[EventCountry "CZE"]
[SourceTitle "EXT 2015"]
[Source "ChessBase"]
[SourceDate "2014.11.20"]
[SourceVersion "1"]
[SourceVersionDate "2014.11.20"]
[SourceQuality "1"]
[WhiteTeam "Praha Dukla"]
[BlackTeam "Decin"]
[WhiteTeamCountry "CZE"]
[BlackTeamCountry "CZE"]

1. d4 d5 2. Nf3 e6 3. c4 c6 4. cxd5 exd5 5. Qc2 Nf6 6. Nc3 h6 7. Bf4 Bd6 8. Bxd6 Qxd6 9. e3 Be6 10. Bd3 Nbd7 11. 0-0 0-0 12. Na4 Rfe8 13. Nc5 Nxc5 14. dxc5 Qe7 15. b4 Nd7 16. Rab1 Bg4 17. Nd4 Ne5 18. Bf5 g6 19. Bxg4 Nxg4 20. b5 cxb5 21. Qe2 Nf6 22. Qxb5 Ne4 23. Qxb7 Qxc5 24. Rbc1 Qa5 25. Qb2 Rab8 26. Qc2 Qa3 27. Rb1 1/2-1/2

[Event "CZE-chT2C 0910"]
[Site "Czech Republic"]
[Date "2010.03.28"]
[Round "10.7"]
[White "Necada, Martin"]
[Black "Paldus, Petr"]
[Result "0-1"]
[WhiteElo "2143"]
[BlackElo "2025"]
[PlyCount "106"]
[EventDate "2009.10.18"]
[EventType "team-tourn"]
[EventRounds "11"]
[EventCountry "CZE"]
[SourceTitle "EXT 2011"]
[Source "ChessBase"]
[SourceDate "2010.11.26"]
[SourceVersion "1"]
[SourceVersionDate "2010.11.26"]
[SourceQuality "1"]
[WhiteTeam "Praha Dukla"]
[BlackTeam "Liberec"]
[WhiteTeamCountry "CZE"]
[BlackTeamCountry "CZE"]

1. d4 d6 2. e4 e5 3. Nf3 Nc6 4. Bb5 Bd7 5. 0-0 Nxd4 6. Bxd7+ Qxd7 7. Nxd4 exd4 8. Qxd4 Ne7 9. c4 Nc6 10. Qd3 Be7 11. Nc3 Ne5 12. Qe2 0-0-0 13. Be3 Ng4 14. Bd4 Bf6 15. Rad1 Rhe8 16. Bxf6 Nxf6 17. f3 Re5 18. Qd3 h5 19. Qd4 b6 20. Rfe1 h4 21. f4 Rh5 22. h3 Re8 23. Nd5 Nxd5 24. exd5 f6 25. Re4 Rhh8 26. Rde1 Kd8 27. Re6 Rxe6 28. dxe6 Qc6 29. Kh2 Ke7 30. Qd3 Rh6 31. f5 Rh5 32. Re2 Qc5 33. Qe4 Qe5+ 34. Qxe5 dxe5 35. Rf2 Rg5 36. c5 bxc5 37. Rc2 Rxf5 38. Rxc5 Kxe6 39. Rxc7 e4 40. Rc2 e3 41. Re2 Re5 42. Kg1 Kd5 43. Kf1 Ke4 44. Rc2 Kd3 45. Rc7 Rf5+ 46. Ke1 Rf2 47. Rxg7 Rxb2 48. Rd7+ Ke4 49. Re7+ Kf4 50. Rxa7 Rxg2 51. Rf7 f5 52. a4 Ra2 53. Rh7 Kf3 0-1

[Event "CZE-chT2A 0809"]
[Site "Czech Republic"]
[Date "2008.11.23"]
[Round "3.8"]
[White "Buldrova, Monika"]
[Black "Necada, Martin"]
[Result "1/2-1/2"]
[WhiteElo "2097"]
[BlackElo "2159"]
[PlyCount "62"]
[EventDate "2008.10.12"]
[EventType "team-tourn"]
[EventRounds "11"]
[EventCountry "CZE"]
[SourceTitle "EXT 2010"]
[Source "ChessBase"]
[SourceDate "2010.11.25"]
[SourceVersion "1"]
[SourceVersionDate "2010.11.25"]
[SourceQuality "1"]
[WhiteTeam "Klatovy Sokol "]
[BlackTeam "Praha Dukla"]
[WhiteTeamCountry "CZE"]
[BlackTeamCountry "CZE"]

1. c4 Nf6 2. Nf3 g6 3. g3 Bg7 4. Bg2 0-0 5. 0-0 d6 6. Nc3 Nc6 7. d3 h6 8. Rb1 a5 9. a3 e5 10. b4 axb4 11. axb4 Be6 12. b5 Ne7 13. Bb2 Qd7 14. Qc2 Bh3 15. Ra1 Bxg2 16. Kxg2 Nh5 17. Rxa8 Rxa8 18. Qb3 Qg4 19. e3 Kh7 20. h3 Qd7 21. d4 exd4 22. Nxd4 Re8 23. Nce2 Nf6 24. Nc3 Nf5 25. Rd1 Nxd4 26. Rxd4 Qe6 27. Rd2 Ne4 28. Nxe4 Qxe4+ 29. Kh2 Bxb2 30. Rxb2 Ra8 31. Ra2 Rxa2 1/2-1/2

[Event "SVK-ch op-A"]
[Site "Banska Stiavnica"]
[Date "2007.07.14"]
[Round "8.36"]
[White "Zavacky, Peter"]
[Black "Necada, Martin"]
[Result "1/2-1/2"]
[WhiteElo "2101"]
[BlackElo "2159"]
[PlyCount "80"]
[EventDate "2007.07.07"]
[EventType "swiss"]
[EventRounds "9"]
[EventCountry "SVK"]
[SourceTitle "EXT 2010"]
[Source "ChessBase"]
[SourceDate "2010.11.25"]
[SourceVersion "1"]
[SourceVersionDate "2010.11.25"]
[SourceQuality "1"]

1. e4 d6 2. d4 Nf6 3. Nc3 g6 4. Bg5 c6 5. Qd2 b5 6. Bd3 Bg7 7. f4 0-0 8. Nf3 Bg4 9. 0-0 Qb6 10. Ne2 Nbd7 11. Kh1 d5 12. exd5 Bxf3 13. Rxf3 cxd5 14. Bxf6 Nxf6 15. f5 Ne4 16. Qe3 e5 17. fxe6 Qxe6 18. Nf4 Qg4 19. Nxd5 Nd6 20. Nf6+ Bxf6 21. Rxf6 Rae8 22. Qf3 Qxf3 23. Rxf3 f5 24. Rff1 Nc4 25. a4 Ne3 26. Bxb5 Rc8 27. Rf2 Nxc2 28. Rd1 Ne3 29. Re1 Nc2 30. Re7 Nxd4 31. Ba6 Rc1+ 32. Rf1 Rc2 33. Rd7 Rd2 34. b4 f4 35. a5 g5 36. h3 h5 37. Rd5 Rf5 38. Bc4 Rxd5 39. Bxd5+ Kg7 40. Bc4 Nf5 1/2-1/2

[Event "SVK-ch op-A"]
[Site "Banska Stiavnica"]
[Date "2007.07.12"]
[Round "6.41"]
[White "Pribila, Gerhart"]
[Black "Necada, Martin"]
[Result "1/2-1/2"]
[WhiteElo "2030"]
[BlackElo "2159"]
[PlyCount "27"]
[EventDate "2007.07.07"]
[EventType "swiss"]
[EventRounds "9"]
[EventCountry "SVK"]
[SourceTitle "EXT 2010"]
[Source "ChessBase"]
[SourceDate "2010.11.25"]
[SourceVersion "1"]
[SourceVersionDate "2010.11.25"]
[SourceQuality "1"]

1. e4 d6 2. d4 Nf6 3. Nc3 g6 4. Be3 c6 5. h3 Nbd7 6. f4 e5 7. Qf3 b5 8. a3 Qe7 9. Bd3 Bg7 10. Nge2 Bb7 11. 0-0 0-0 12. dxe5 dxe5 13. f5 Nc5 14. Rad1 1/2-1/2

[Event "SVK-ch op-A"]
[Site "Banska Stiavnica"]
[Date "2007.07.08"]
[Round "2"]
[White "Petran, Peter"]
[Black "Necada, Martin"]
[Result "1-0"]
[WhiteElo "2346"]
[BlackElo "2159"]
[PlyCount "67"]
[EventDate "2007.07.07"]
[EventType "swiss"]
[EventRounds "9"]
[EventCountry "SVK"]
[SourceTitle "CBM 119 Extra"]
[Source "ChessBase"]
[SourceDate "2007.09.04"]
[SourceVersion "1"]
[SourceVersionDate "2007.09.04"]
[SourceQuality "1"]

1. g3 g6 2. Bg2 Bg7 3. d4 Nf6 4. e4 d6 5. Ne2 0-0 6. c4 e5 7. d5 Nbd7 8. Nbc3 a5 9. h3 Nc5 10. Be3 Nfd7 11. g4 f5 12. gxf5 gxf5 13. exf5 Qh4 14. 0-0 Nb6 15. Ng3 Bxf5 16. Nxf5 Rxf5 17. Qg4 Qxg4 18. hxg4 Rf7 19. b3 Nbd7 20. Rad1 Nf6 21. Bh3 Kh8 22. f3 Re8 23. Ne2 h6 24. Ng3 Nh7 25. Nf5 Ng5 26. Bg2 b6 27. Kf2 Ref8 28. Rh1 Rxf5 29. gxf5 Rxf5 30. Ke2 Kg8 31. Rdg1 Kf8 32. Bh3 Nxh3 33. Rxh3 Rf6 34. Rhg3 1-0

[Event "Klatovy op-A"]
[Site "Klatovy"]
[Date "2004.07.11"]
[Round "9"]
[White "Muron, Miroslav"]
[Black "Necada, Martin"]
[Result "1/2-1/2"]
[WhiteElo "2198"]
[BlackElo "2149"]
[PlyCount "56"]
[EventDate "2004.07.03"]
[EventType "swiss"]
[EventRounds "9"]
[EventCountry "CZE"]
[SourceTitle "CBM 101 Extra"]
[Source "ChessBase"]
[SourceDate "2004.09.01"]
[SourceVersion "2"]
[SourceVersionDate "2004.09.01"]
[SourceQuality "1"]

1. e4 e5 2. Nf3 Nc6 3. Bc4 Nf6 4. d3 Be7 5. c3 0-0 6. 0-0 d6 7. Bb3 Bg4 8. h3 Bh5 9. Re1 Nd7 10. Nbd2 Nc5 11. Bc2 Ne6 12. Nf1 Bg5 13. Ng3 Bxc1 14. Rxc1 Bg6 15. d4 Nf4 16. Ne2 Nxe2+ 17. Rxe2 Qe7 18. Qd2 Rad8 19. Rf1 Rde8 20. Ba4 exd4 21. cxd4 d5 22. Ne5 Nxd4 23. Ree1 Qxe5 24. Bxe8 dxe4 25. Ba4 f5 26. Bb3+ Kh8 27. f3 Qc5 28. Kh1 exf3 1/2-1/2

[Event "Klatovy op-A"]
[Site "Klatovy"]
[Date "2004.07.10"]
[Round "8"]
[White "Necada, Martin"]
[Black "Vedral, Oldrich"]
[Result "1-0"]
[WhiteElo "2149"]
[BlackElo "2280"]
[PlyCount "81"]
[EventDate "2004.07.03"]
[EventType "swiss"]
[EventRounds "9"]
[EventCountry "CZE"]
[SourceTitle "CBM 101 Extra"]
[Source "ChessBase"]
[SourceDate "2004.09.01"]
[SourceVersion "2"]
[SourceVersionDate "2004.09.01"]
[SourceQuality "1"]

1. d4 Nf6 2. Nf3 e6 3. c4 d5 4. cxd5 exd5 5. Nc3 c6 6. Qc2 Nbd7 7. Bg5 Be7 8. e3 0-0 9. Bd3 Re8 10. 0-0 Nf8 11. h3 Ne4 12. Bf4 f5 13. Ne5 Bg5 14. Bh2 Ne6 15. Rae1 g6 16. f3 Nd6 17. Kh1 Rf8 18. e4 dxe4 19. fxe4 Nxd4 20. Qa4 c5 21. exf5 Bxf5 22. Bxf5 Rxf5 23. Rxf5 N4xf5 24. Qb3+ Kg7 25. Qd5 b6 26. Nc6 Qg8 27. g4 Qxd5+ 28. Nxd5 Rc8 29. Nxa7 Ra8 30. gxf5 Nxf5 31. Nb5 Rxa2 32. Be5+ Kh6 33. Nxb6 Ra5 34. Nc3 Nd4 35. Nc4 Ra6 36. Kg2 Re6 37. Bg3 Rf6 38. Ne4 Ra6 39. Nxg5 Kxg5 40. Re5+ Kf6 41. Rxc5 1-0

[Event "Klatovy op-A"]
[Site "Klatovy"]
[Date "2004.07.09"]
[Round "7"]
[White "Necada, Martin"]
[Black "Novak, Pavel"]
[Result "1/2-1/2"]
[WhiteElo "2149"]
[BlackElo "2323"]
[PlyCount "47"]
[EventDate "2004.07.03"]
[EventType "swiss"]
[EventRounds "9"]
[EventCountry "CZE"]
[SourceTitle "CBM 101 Extra"]
[Source "ChessBase"]
[SourceDate "2004.09.01"]
[SourceVersion "2"]
[SourceVersionDate "2004.09.01"]
[SourceQuality "1"]

1. d4 d5 2. Nf3 c5 3. e3 Nc6 4. c4 e6 5. Nc3 Nf6 6. a3 a6 7. dxc5 Bxc5 8. b4 Bd6 9. Bb2 0-0 10. Qc2 dxc4 11. Bxc4 b5 12. Be2 Bb7 13. 0-0 Qe7 14. Ng5 Rfd8 15. Nge4 Ne5 16. Nxd6 Qxd6 17. Rad1 Qc6 18. e4 h6 19. f3 Nfd7 20. Qc1 Nc4 21. Bxc4 Qxc4 22. Qf4 f6 23. Nb1 e5 24. Qg4 1/2-1/2

[Event "Klatovy op-A"]
[Site "Klatovy"]
[Date "2004.07.05"]
[Round "3"]
[White "Vevera, Radek"]
[Black "Necada, Martin"]
[Result "0-1"]
[WhiteElo "1966"]
[BlackElo "2149"]
[PlyCount "77"]
[EventDate "2004.07.03"]
[EventType "swiss"]
[EventRounds "9"]
[EventCountry "CZE"]
[SourceTitle "CBM 101 Extra"]
[Source "ChessBase"]
[SourceDate "2004.09.01"]
[SourceVersion "2"]
[SourceVersionDate "2004.09.01"]
[SourceQuality "1"]

1. e4 d6 2. d4 Nf6 3. Nc3 g6 4. f4 Bg7 5. Nf3 c5 6. dxc5 Qa5 7. Bd3 Qxc5 8. Qe2 Bg4 9. Be3 Qa5 10. 0-0 0-0 11. h3 Bxf3 12. Qxf3 Nc6 13. g4 Nd7 14. e5 dxe5 15. f5 e4 16. Bxe4 Nde5 17. Qe2 Rad8 18. Rad1 Qb4 19. Qb5 Qxb5 20. Nxb5 a6 21. Nc3 Nc4 22. Bc1 Bd4+ 23. Kg2 Be3 24. Rxd8 Rxd8 25. Bd5 Bxc1 26. Bxc4 Bxb2 27. Ne4 b5 28. Bb3 Ne5 29. Ng5 Nc4 30. Bxc4 bxc4 31. fxg6 fxg6 32. Rf2 Bf6 33. Ne6 Rd6 34. Re2 Kf7 35. Nc5 h6 36. Kf3 Rc6 37. Ne4 Rb6 38. Ke3 Rb1 39. Nc5 0-1

[Event "CZE-chT2J 0203"]
[Site "Czech Republic"]
[Date "2003.??.??"]
[Round "4"]
[White "Necada, Martin"]
[Black "Vitak, Pavel"]
[Result "0-1"]
[WhiteElo "2174"]
[BlackElo "2129"]
[PlyCount "88"]
[EventDate "2002.10.??"]
[EventType "team"]
[EventRounds "11"]
[EventCountry "CZE"]
[SourceTitle "EXT 2007"]
[Source "ChessBase"]
[SourceDate "2006.11.23"]
[SourceVersion "1"]
[SourceVersionDate "2006.11.23"]
[SourceQuality "1"]

1. d4 Nf6 2. Nf3 g6 3. c4 Bg7 4. Nc3 d6 5. Bg5 Nbd7 6. e3 0-0 7. Qc2 c6 8. Be2 a6 9. 0-0 Qc7 10. b4 b6 11. Nd2 e5 12. dxe5 dxe5 13. Rad1 h6 14. Bh4 Bb7 15. Bg3 Rad8 16. f4 Rfe8 17. Bf3 Bc8 18. Nde4 Nxe4 19. Nxe4 f5 20. Nd6 Rf8 21. c5 e4 22. Be2 b5 23. Rd2 Nf6 24. Bh4 Be6 25. Rfd1 Rd7 26. Bxf6 Bxf6 27. Kh1 h5 28. a3 Ra8 29. a4 Kh7 30. Rf1 Rdd8 31. a5 Qg7 32. Qb1 Rd7 33. Bd1 Qg8 34. Bc2 Rad8 35. Rfd1 Be7 36. Qb2 Qh8 37. Qb1 Qc3 38. g3 Qxe3 39. Qb2 Qf3+ 40. Kg1 e3 41. Qe5 exd2 42. Qxe6 Qd5 43. Qe3 Bxd6 44. cxd6 Qxd6 0-1

[Event "CZE-chTJ 0102"]
[Site "Czech Republic"]
[Date "2002.??.??"]
[Round "3"]
[White "Vachal, Josef"]
[Black "Necada, Martin"]
[Result "1/2-1/2"]
[WhiteElo "2170"]
[BlackElo "2156"]
[PlyCount "83"]
[EventDate "2001.??.??"]
[EventType "team"]
[EventRounds "11"]
[EventCountry "CZE"]
[SourceTitle "EXT 2003"]
[Source "ChessBase"]
[SourceDate "2002.11.25"]
[SourceVersion "1"]
[SourceVersionDate "2002.11.25"]
[SourceQuality "1"]
[WhiteTeam "Plzen Bolevec"]
[BlackTeam "Praha Dukla II"]
[WhiteTeamCountry "CZE"]
[BlackTeamCountry "CZE"]

1. e4 d6 2. d4 Nf6 3. Nc3 g6 4. Nf3 Bg7 5. h3 0-0 6. Be3 c6 7. a4 a5 8. Be2 Na6 9. 0-0 Nb4 10. Qd2 Qc7 11. Rad1 Re8 12. Bc4 d5 13. exd5 Nbxd5 14. Nxd5 cxd5 15. Bb5 Ne4 16. Qd3 Bd7 17. Rc1 Bxb5 18. Qxb5 e6 19. Qb3 Rac8 20. Rfd1 Qc4 21. Rd3 Re7 22. Qxc4 dxc4 23. Rdd1 Nf6 24. c3 Nd5 25. Kf1 Rec7 26. Rc2 Rb8 27. Ra1 Kf8 28. Ke2 Ke8 29. g3 h6 30. Ne5 g5 31. f4 f6 32. Nf3 Bf8 33. h4 gxh4 34. Nxh4 Rg7 35. Bf2 Bd6 36. Kf3 f5 37. Re1 Kd7 38. Rce2 Re7 39. Ng6 Ree8 40. Rh1 b5 41. axb5 Rxb5 42. Ra1 1/2-1/2

[Event "CZE-chTJ 0102"]
[Site "Czech Republic"]
[Date "2001.??.??"]
[Round "3"]
[White "Necada, Martin"]
[Black "Hlavacek, Jiri"]
[Result "0-1"]
[WhiteElo "2156"]
[BlackElo "2211"]
[PlyCount "87"]
[EventDate "2001.??.??"]
[EventType "team"]
[EventRounds "11"]
[EventCountry "CZE"]
[SourceTitle "EXT 2003"]
[Source "ChessBase"]
[SourceDate "2002.11.25"]
[SourceVersion "1"]
[SourceVersionDate "2002.11.25"]
[SourceQuality "1"]
[WhiteTeam "Praha Dukla II"]
[BlackTeam "Pribram"]
[WhiteTeamCountry "CZE"]
[BlackTeamCountry "CZE"]

1. d4 c5 2. d5 f5 3. Nf3 Nf6 4. g3 g6 5. Bg2 d6 6. 0-0 Bg7 7. c4 0-0 8. Nc3 Na6 9. Rb1 Bd7 10. b3 Nc7 11. Bb2 b5 12. cxb5 Nxb5 13. Nd2 a5 14. Nc4 Qc7 15. Qd2 Ra6 16. Nxb5 Bxb5 17. a4 Bd7 18. Bc3 Rfa8 19. Rfe1 Bc8 20. Rb2 R8a7 21. e4 fxe4 22. Bxe4 Bd7 23. Bg2 Be8 24. Bh3 Bf7 25. Be6 Bxe6 26. Rxe6 Qb7 27. Ne3 Kf7 28. g4 Nxd5 29. Nxd5 Kxe6 30. Bxg7 Qxd5 31. Qf4 Kd7 32. Rd2 Qxb3 33. Bf8 Rb6 34. Bxe7 Qe6 35. Bf8 Rab7 36. Kg2 Kc8 37. Bxd6 Rf7 38. Qg3 Rd7 39. Bf4 Rxd2 40. Bxd2 Qd5+ 41. Kh3 Qxd2 42. Qf3 Qd6 43. Qa8+ Rb8 44. Qxa5 0-1

[Event "CZE-chTV 0001"]
[Site "Czech Republic"]
[Date "2001.??.??"]
[Round "3"]
[White "Necada, Martin"]
[Black "Nemec, Pavel"]
[Result "1/2-1/2"]
[WhiteElo "2165"]
[BlackElo "2300"]
[PlyCount "40"]
[EventDate "2000.??.??"]
[EventType "team"]
[EventRounds "11"]
[EventCountry "CZE"]
[SourceTitle "EXT 2003"]
[Source "ChessBase"]
[SourceDate "2002.11.25"]
[SourceVersion "1"]
[SourceVersionDate "2002.11.25"]
[SourceQuality "1"]

1. d4 d6 2. Nf3 g6 3. c4 Bg7 4. Nc3 Nf6 5. Bg5 h6 6. Bh4 0-0 7. e3 c5 8. Be2 cxd4 9. Nxd4 Nc6 10. 0-0 Nxd4 11. exd4 Be6 12. d5 Bf5 13. Re1 Rc8 14. Bd3 Qd7 15. Bf1 Qc7 16. Qd2 g5 17. Bg3 Nh5 18. Rad1 Nxg3 19. hxg3 Qa5 20. Re3 a6 1/2-1/2

[Event "CZE-chTJ 0102"]
[Site "Czech Republic"]
[Date "2001.??.??"]
[Round "3"]
[White "Necada, Martin"]
[Black "Vojta, Tomas"]
[Result "1/2-1/2"]
[WhiteElo "2156"]
[BlackElo "2226"]
[PlyCount "52"]
[EventDate "2001.??.??"]
[EventType "team"]
[EventRounds "11"]
[EventCountry "CZE"]
[SourceTitle "EXT 2003"]
[Source "ChessBase"]
[SourceDate "2002.11.25"]
[SourceVersion "1"]
[SourceVersionDate "2002.11.25"]
[SourceQuality "1"]
[WhiteTeam "Praha Dukla II"]
[BlackTeam "Vlasim"]
[WhiteTeamCountry "CZE"]
[BlackTeamCountry "CZE"]

1. d4 Nf6 2. Nf3 c5 3. d5 d6 4. Nc3 g6 5. e4 Bg7 6. Be2 Na6 7. 0-0 0-0 8. Nd2 Nc7 9. a4 e6 10. Nc4 Nfe8 11. Be3 exd5 12. exd5 Bd7 13. Qd2 b5 14. axb5 Nxb5 15. Nxb5 Bxb5 16. Ra2 Nc7 17. Rd1 Re8 18. Na5 Bxe2 19. Qxe2 Qd7 20. Qf3 f5 21. Nc4 Nb5 22. c3 Rab8 23. h3 Re4 24. Nd2 Re7 25. Nc4 Re4 26. Nd2 Re7 1/2-1/2

[Event "CZE-chTV 0001"]
[Site "Czech Republic"]
[Date "2000.??.??"]
[Round "4"]
[White "Kalous, Miroslav"]
[Black "Necada, Martin"]
[Result "1/2-1/2"]
[WhiteElo "2110"]
[BlackElo "2165"]
[PlyCount "139"]
[EventDate "2000.??.??"]
[EventType "team"]
[EventRounds "11"]
[EventCountry "CZE"]
[SourceTitle "EXT 2002"]
[Source "ChessBase"]
[SourceDate "2001.11.25"]
[SourceVersion "1"]
[SourceVersionDate "2001.11.25"]
[SourceQuality "1"]

1. e4 d6 2. d4 Nf6 3. Nc3 g6 4. g3 Bg7 5. Bg2 0-0 6. Nge2 Nbd7 7. 0-0 e5 8. h3 exd4 9. Nxd4 Nc5 10. Nb3 Nxb3 11. axb3 Bd7 12. b4 a6 13. Re1 Re8 14. Be3 Bc6 15. Bd4 Qd7 16. Qd2 Re6 17. Re2 Rae8 18. Rae1 Qc8 19. b3 Kf8 20. Kh2 Kg8 21. f4 R6e7 22. Qd3 Qd7 23. Nd1 Qc8 24. Nf2 h5 25. Bf3 Nd7 26. g4 hxg4 27. hxg4 g5 28. Bxg7 Kxg7 29. Qc3+ Kg8 30. e5 gxf4 31. exd6 Rxe2 32. Rxe2 Rxe2 33. Bxe2 cxd6 34. Qd4 Qe8 35. Bd3 Qe5 36. c3 Nf6 37. Bf5 Nh7 38. Bxh7+ Kxh7 39. Qd3+ Kg7 40. Qd4 f6 41. Qd2 Qe3 42. Qxe3 fxe3 43. Nd3 Kg6 44. Kg3 f5 45. Kf4 fxg4 46. Kxg4 Be4 47. Nc1 Bc2 48. Kf3 Kf5 49. Kxe3 Ke5 50. Kd2 Bf5 51. Ne2 Bg6 52. Ke3 Bh7 53. Nd4 Bg6 54. Nf3+ Kd5 55. c4+ Kc6 56. Kd4 Bf5 57. Kc3 Bh7 58. Nd4+ Kc7 59. Kb2 Bg6 60. Ne6+ Kc6 61. Kc3 Bh7 62. Kd4 Bg6 63. Nf4 Bc2 64. Kc3 Be4 65. Ne2 Bh7 66. Nd4+ Kc7 67. Kd2 Bg6 68. Ke3 Bh7 69. Kf4 Bd3 70. Ke3 1/2-1/2

[Event "CZE-chT2b 0001"]
[Site "Czech Republic"]
[Date "2000.??.??"]
[Round "?"]
[White "Necada, Martin"]
[Black "Pokrupa, Marek"]
[Result "1-0"]
[WhiteElo "2135"]
[BlackElo "2090"]
[PlyCount "123"]
[EventDate "2000.??.??"]
[EventType "team"]
[EventRounds "11"]
[EventCountry "CZE"]
[SourceTitle "EXT 2003"]
[Source "ChessBase"]
[SourceDate "2002.11.25"]
[SourceVersion "1"]
[SourceVersionDate "2002.11.25"]
[SourceQuality "1"]

1. d4 c5 2. d5 e5 3. e4 d6 4. Nf3 Bg4 5. g3 Be7 6. h4 Bf6 7. Nc3 a6 8. a4 b6 9. Be2 Ne7 10. Be3 g6 11. Nd2 Bxe2 12. Qxe2 h5 13. Nc4 Nc8 14. Rb1 Nd7 15. b4 Qc7 16. 0-0 0-0 17. Rb3 Rb8 18. b5 a5 19. Bh6 Re8 20. Kg2 Kh7 21. Bc1 Qd8 22. Rh1 Bg7 23. g4 Nf6 24. Bg5 hxg4 25. h5 gxh5 26. Ne3 Kg6 27. Nf5 Nxd5 28. Bxd8 Nf4+ 29. Kf1 Nxe2 30. Nxe2 Rxd8 31. Neg3 Bf6 32. Rxh5 Rh8 33. Rxh8 Bxh8 34. Rd3 Rb7 35. Nxd6 Nxd6 36. Rxd6+ f6 37. Nf5 Bg7 38. c4 Kh7 39. Kg2 Kg6 40. Kg3 Bf8 41. Rd8 Be7 42. Rc8 Rd7 43. Kxg4 Bd8 44. Ne3 Rd4 45. Kf3 Rd3 46. Ke2 Rd4 47. f3 Rd6 48. Rc6 Rd4 49. Rc8 Rd7 50. Nd5 Kf7 51. Rb8 Rd6 52. Rb7+ Ke6 53. Rh7 Rd7 54. Rxd7 Kxd7 55. Ne3 Ke6 56. Kf2 Kf7 57. Kg3 Kg6 58. Kg4 Be7 59. Nd5 Bd8 60. f4 exf4 61. Kxf4 Kf7 62. Kf5 1-0